00646nam a2200181Ia 4500952014400000999001500144003000400159005001700163008004100180040000900221082001900230100002600249245005900275260006400334300000900398650001300407942004400420 00102ddc40708COMPUTER SCIENCEaMESbMEScCOMPd2019-02-20g165.00l0o005.133 BAL/Op40352r2019-02-20 00:00:00w2019-02-20yBKzGL30R5 c9074d9074OSt20220723131047.0190216s9999||||xx |||||||||||||| ||und|| coclc a005.133bBAL/O aBalagurusamy, E93962 0aObject Oriented Programming With C++ /cE Balagurusamy bTata Mcgraw Hill Publishing Company Ltd,c2001.aNew Delhi: a321p aComputer cBK2ddch005.133iBAL/Ok005.133mBAL/O